<The> Mexican economy 1992 economic and financial developments in 1991, policies for 1992
Na minha lista:
| Formato: | Livro |
|---|---|
| Idioma: | inglês |
| Publicado em: |
Mexico
Banco de Mexico
1992
|
| Assuntos: | |
| Tags: |
Sem tags, seja o primeiro a adicionar uma tag!
|
MARC
| LEADER | 00000nam a2200000 4500 | ||
|---|---|---|---|
| 001 | c129973 | ||
| 005 | 20221123102250.0 | ||
| 041 | 0 | |a eng | |
| 044 | |a MX | ||
| 245 | 1 | 0 | |a <The> Mexican economy 1992 |b economic and financial developments in 1991, policies for 1992 |
| 264 | 1 | |a Mexico |b Banco de Mexico |c 1992 | |
| 300 | |a 270 s. | ||
| 610 | 2 | 0 | |a rozvoj hospodársky |
| 610 | 2 | 0 | |a financie |
| 610 | 2 | 0 | |a politika hospodárska |
| 610 | 2 | 0 | |a Mexiko |
| 610 | 2 | 0 | |a 1991-1992 |